<?xml version="1.0" encoding="UTF-8"?><?xml-stylesheet type="text/xsl" href="static/style.xsl"?><OAI-PMH xmlns="http://www.openarchives.org/OAI/2.0/" xmlns:xsi="http://www.w3.org/2001/XMLSchema-instance" xsi:schemaLocation="http://www.openarchives.org/OAI/2.0/ http://www.openarchives.org/OAI/2.0/OAI-PMH.xsd"><responseDate>2026-06-02T17:21:23Z</responseDate><request verb="GetRecord" identifier="oai:riuma.uma.es:10630/25782" metadataPrefix="marc">https://riuma.uma.es/rest/oai/request</request><GetRecord><record><header><identifier>oai:riuma.uma.es:10630/25782</identifier><datestamp>2026-02-03T11:19:18Z</datestamp><setSpec>com_10630_2254</setSpec><setSpec>col_10630_37953</setSpec></header><metadata><record xmlns="http://www.loc.gov/MARC21/slim" xmlns:dcterms="http://purl.org/dc/terms/" xmlns:doc="http://www.lyncode.com/xoai" xmlns:xsi="http://www.w3.org/2001/XMLSchema-instance" xsi:schemaLocation="http://www.loc.gov/MARC21/slim http://www.loc.gov/standards/marcxml/schema/MARC21slim.xsd">
   <leader>00925njm 22002777a 4500</leader>
   <datafield ind2=" " ind1=" " tag="042">
      <subfield code="a">dc</subfield>
   </datafield>
   <datafield ind2=" " ind1=" " tag="720">
      <subfield code="a">Loayza-Gutiérrez, Lillyan Teresa</subfield>
      <subfield code="e">author</subfield>
   </datafield>
   <datafield ind2=" " ind1=" " tag="720">
      <subfield code="a">Apumayta-Suárez, Eder Valdir</subfield>
      <subfield code="e">author</subfield>
   </datafield>
   <datafield ind2=" " ind1=" " tag="720">
      <subfield code="a">Abdala-Díaz, Roberto Teófilo</subfield>
      <subfield code="e">author</subfield>
   </datafield>
   <datafield ind2=" " ind1=" " tag="720">
      <subfield code="a">Aguilar-Mendoza, Luis Ángel</subfield>
      <subfield code="e">author</subfield>
   </datafield>
   <datafield ind2=" " ind1=" " tag="720">
      <subfield code="a">Chávez-Pérez, Jorge Antonio</subfield>
      <subfield code="e">author</subfield>
   </datafield>
   <datafield ind2=" " ind1=" " tag="720">
      <subfield code="a">Decara, Juan</subfield>
      <subfield code="e">author</subfield>
   </datafield>
   <datafield ind2=" " ind1=" " tag="260">
      <subfield code="c">2022-09-30</subfield>
   </datafield>
   <datafield ind2=" " ind1=" " tag="520">
      <subfield code="a">The objective of this research was to evaluate a nutritional strategy based on the consumption of a fucoidan extract from brown algae Lessonia trabeculata to control oxidative stress in experimental alloxan-induced insulin-dependent diabetes mellitus rats. Over 30 days, 75, 100, and 125 mg kg−1 of body weight of fucoidan doses were administered and both positive and negative control (n = 5 per group). Serum, liver, pancreas, and kidney biochemical indicators of oxidative stress improvement were evaluated. Measures included lipid peroxidation, superoxide dismutase and catalase activity, and antioxidant activity by assessment of free radical scavenging power and histopathological changes. The results showed an increase in the activity of antioxidant enzymes while reducing oxidative damage (lipid peroxidation index) in serum (p ≤ 0.05) and tissues (p ≤ 0.05). Further, no liver necrosis was observed in treated groups, unlike the Type 1 diabetes positive control group that presented mild necrosis and moderate congestion. In the pancreas, treated rats presented mild oedema, while the positive control group showed moderate oedema. A significant protective effect against oxidative stress caused by alloxan-induced diabetes was found in this model, therefore it can be concluded that fucoidan extracted from the Lessonia trabeculata algae could be considered a good functional compound for the control of oxidative stress in diabetic patients. Because diabetes is such a widespread public health issue, developing fucoidan-based products could be a natural way to improve patients' quality of life.</subfield>
   </datafield>
   <datafield ind1="8" ind2=" " tag="024">
      <subfield code="a">Loayza-Gutiérrez, L.T., Apumayta-Suárez, E.V., Abdala, R. et al. Anti-hyperglycemic and antioxidant effect of fucoidan extract from Lessonia trabeculata in alloxan-induced diabetes rats. J Appl Phycol 34, 3247–3261 (2022). https://doi.org/10.1007/s10811-022-02839-3</subfield>
   </datafield>
   <datafield ind1="8" ind2=" " tag="024">
      <subfield code="a">https://hdl.handle.net/10630/25782</subfield>
   </datafield>
   <datafield ind1="8" ind2=" " tag="024">
      <subfield code="a">10.1007/s10811-022-02839-3</subfield>
   </datafield>
   <datafield tag="653" ind2=" " ind1=" ">
      <subfield code="a">Reconstrución</subfield>
   </datafield>
   <datafield ind2="0" ind1="0" tag="245">
      <subfield code="a">Anti-hyperglycemic and antioxidant effect of fucoidan extract from Lessonia trabeculata in alloxan-induced diabetes rats</subfield>
   </datafield>
</record>
</metadata></record></GetRecord></OAI-PMH>